000 00331nam a2200133Ia 4500
008 230524s9999 xx 000 0 und d
020 _a9788120336476
100 _aM.V.Deshpande
245 0 _aElements of Electrical Power Station Design
260 _bPHI
500 _aQuantity Number: 30
650 _aElectrical
942 _cBK
999 _c50987
_d50987